Andrómaca, Fedra (Registro nro. 220)
[ vista simple ]
| 000 -CABECERA | |
|---|---|
| Longitud fija campo de control | 01001nam a2200301Ia 4500 |
| 005 - • FECHA Y HORA DE LA ÚLTIMA TRANSACCIÓN | |
| Fecha y hora de la última transacción | 20220316235212.0 |
| 008 - • CÓDIGOS DE INFORMACIÓN DE LONGITUD FIJA | |
| Códigos de información de longitud fija | 121119s2001 sp a gr 000 0 spa |
| 020 ## - • NÚMERO INTERNACIONAL NORMALIZADO PARA LIBROS | |
| Número Internacional Normalizado para Libros (ISBN) | 8437605482 |
| 041 1# - • CÓDIGO DE LENGUA | |
| Código de lengua del texto/banda sonora o título independiente | spa |
| 040 ## - FUENTE DE LA CATALOGACIÓN | |
| Centro catalogador de origen | CO-BoRNBP |
| Lengua de catalogación | spa |
| Normas de descripción | rda |
| Centro transcriptor | CO-BoRNBP |
| 084 ## - • Clasificación Local Alfanúmerica PNLB | |
| Número de clasificación | T RAC1 |
| 100 1# - • PUNTO DE ACCESO PRINCIPAL-NOMBRE DE PERSONA | |
| Nombre de persona | Racine, Jean, |
| Fechas asociadas al nombre | 1639-1699 |
| 245 10 - • TITULO PROPIAMENTE DICHO | |
| Título | Andrómaca, Fedra |
| Mención de responsabilidad, etc. | Jean Racine ; edición de Emilio Náñez ; traducción de Ma. Dolores Fernández Lladó |
| 250 ## - • MENCIÓN DE EDICIÓN | |
| Mención de edición | Primera edición |
| 264 #1 - PRODUCCIÓN, PUBLICACIÓN , DISTRIBUCIÓN, FABRICACIÓN Y COPYRIGHT | |
| Lugar de producción, publicación, distribución, fabricación | Madrid |
| Nombre del productor, editor, distribuidor, fabricante | Ediciones Cátedra |
| Fecha de de producción, publicación, distribución, fabricación o copyright | 2001 |
| 300 ## - • DESCRIPCIÓN FÍSICA | |
| Extensión | 224 páginas |
| Otras características físicas | ilustraciones |
| Dimensiones | 18 cm. |
| 336 ## - TIPO DE CONTENIDO | |
| Término de tipo de contenido | texto |
| Código de tipo de contenido | txt |
| Fuente | rdacontent |
| 337 ## - TIPO DE MEDIO | |
| Nombre del tipo de medio | sin mediación |
| Código del tipo de medio | n |
| Fuente | rdamedia |
| 338 ## - TIPO DE SOPORTE | |
| Nombre del tipo de soporte | volumen |
| Código del tipo de soporte | nc |
| Fuente | rdacarrier |
| 490 0# - • MENCIÓN DE SERIE | |
| Mención de serie | Letras universales |
| 650 14 - • PUNTO DE ACCESO ADICIONAL DE MATERIA - TÉRMINO DE MATERIA | |
| Fuente del encabezamiento o término | LEMB |
| Término de materia o nombre geográfico como elemento inicial | Teatro francés |
| 650 14 - • PUNTO DE ACCESO ADICIONAL DE MATERIA - TÉRMINO DE MATERIA | |
| Fuente del encabezamiento o término | LEMB |
| Término de materia o nombre geográfico como elemento inicial | Actuación teatral |
| 650 14 - • PUNTO DE ACCESO ADICIONAL DE MATERIA - TÉRMINO DE MATERIA | |
| Fuente del encabezamiento o término | LEMB |
| Término de materia o nombre geográfico como elemento inicial | Teatro clásico |
| 650 14 - • PUNTO DE ACCESO ADICIONAL DE MATERIA - TÉRMINO DE MATERIA | |
| Fuente del encabezamiento o término | LEMB |
| Término de materia o nombre geográfico como elemento inicial | Amor |
| Subdivisión de forma | Teatro |
| 700 1# - • PUNTO DE ACCESO ADICIONAL - NOMBRE DE PERSONA | |
| Nombre de persona | Náñez, Emilio |
| Término indicativo de función | editor |
| 700 1# - • PUNTO DE ACCESO ADICIONAL - NOMBRE DE PERSONA | |
| Nombre de persona | Fernández Lladó, Ma. Dolores |
| Término indicativo de función | traductor |
| 942 ## - ENTRADA DE ELEMENTOS AGREGADOS (KOHA) | |
| Fuente de clasificaión o esquema | |
| Koha [por defecto] tipo de item | Libro Literatura |
| Perdido | Fuente de clasificación o esquema | Estado Físico | No para préstamo | Forma de adquisición | Localización permanente | Localización actual | Localización en estanterías | Fecha adquisición | Préstamos totales | Signatura completa | Código de barras | Fecha última consulta | Número de copia | Fecha del precio de reemplazo | Tipo de item de Koha | Número de registro |
|---|---|---|---|---|---|---|---|---|---|---|---|---|---|---|---|---|
| Dewey Decimal Classification | Colección General | Biblioteca Pública Cumaral - Alvaro Garzon Torres | Biblioteca Pública Cumaral - Alvaro Garzon Torres | Literatura | 07/18/2024 | TRAC1 | CUM01119 | 07/18/2024 | Ej.1 | 07/18/2024 | Libro Literatura | |||||
| Dewey Decimal Classification | Colección General | Biblioteca Pública Dorado | Biblioteca Pública Dorado | Literatura | 03/02/2023 | T RAC1 | DOR02181 | 03/02/2023 | Ej.1 | 03/02/2023 | Libro Literatura | |||||
| Dewey Decimal Classification | Colección General | Biblioteca Pública Lejanias | Biblioteca Pública Lejanias | General | 01/28/2026 | T RAC1 | LEJ01976 | 01/28/2026 | Ej.1 | 01/28/2026 | Libro Literatura | |||||
| Dewey Decimal Classification | Colección General | Biblioteca Pública Puerto López - Jorge Eliecer Gaitán | Biblioteca Pública Puerto López - Jorge Eliecer Gaitán | General | 10/31/2025 | T RAC1 | PLZ04351 | 10/31/2025 | Ej.1 | 10/31/2025 | Libro Literatura | |||||
| Dewey Decimal Classification | Colección General | Biblioteca Pública San Carlos de Guaroa - Eduardo Carranza | Biblioteca Pública San Carlos de Guaroa - Eduardo Carranza | Literatura | 07/04/2024 | T RAC1 | SG01882 | 07/04/2024 | Ej.1 | 07/04/2024 | Libro Literatura | |||||
| Dewey Decimal Classification | Colección General | Biblioteca Pública El Castillo - Alfonso Meneses | Biblioteca Pública El Castillo - Alfonso Meneses | Literatura | 08/01/2023 | T TRAC1 | EC02373 | 08/01/2023 | Ej.1 | 08/01/2023 | Libro Literatura | |||||
| Dewey Decimal Classification | Colección General | Biblioteca Pública Uribe - Reinerio Arenas | Biblioteca Pública Uribe - Reinerio Arenas | Literatura | 01/16/2025 | T RAC1 | URI02221 | 01/16/2025 | Ej.1 | 01/16/2025 | Libro Literatura | |||||
| Dewey Decimal Classification | Biblioteca Pública Vistahermosa | Biblioteca Pública Vistahermosa | 06/19/2025 | T RAC1 | VIST 0002420 | 06/19/2025 | Ej.1 | 06/19/2025 | Libro Literatura | T RAC1 EJ.1 |